60 rokov výučby na Právnickej fakulte Univerzity Komenského. (Z prejavu dekana prof. JUDr. Jaroslava Filu, CSc.) ; Jaroslav Filo

Bibliographic Details
Main Author: Filo, Jaroslav, 1927-1989 (Author)
Format: Article
Language:Slovak
Subjects:

MARC

LEADER 00000nab a2200000 a 4500
001 vtls000123467
003 SK-MaSNL
005 20260304060235.0
008 250422c1982 xo 0 slo
015 |a SNBRB19rr/mm-uuuuu 
035 |a CL0133572 
035 |a urn:nbn:sk:snk-ab2ueh 
035 |a (urnnbn)urn:nbn:sk:snk:ar-a02yh2 
035 |a (uuid)0f86e211-fabb-466b-93c2-b02d13405217 
040 |a SNKBUCL  |b slo  |c SNKBUCL  |e AACR2 
041 0 |a slo 
044 |a xo  |c SK 
080 |a 34  |2 1981 
245 0 0 |a 60 rokov výučby na Právnickej fakulte Univerzity Komenského. (Z prejavu dekana prof. JUDr. Jaroslava Filu, CSc.) ; Jaroslav Filo 
610 2 7 |a U niverzita Komenského v Bratislave.  |b Právnická fakulta  |2 SNKMA  |9 953198 
655 7 |a články z novín a časopisov  |2 snkbucl  |9 267496 
700 1 |a Filo, Jaroslav,  |d 1927-1989  |4 aut  |9 37911 
773 0 |t Právny obzor  |g Roč. 65, č. 4 (1982), s. 387-392 
850 |a Slovenská národná knižnica 
852 |a Slovenská národná knižnica 
954 |a odborná, vedecká literatúra pôvodná (slovenská)  |2 lita 
957 |a 5100 
958 |a article27 
958 |a RK 
958 |a OND 
958 |a EUIPO 
992 |a RBX 
999 |c 2727872  |d 2729802